[Event "15. Torneo Aficionados Benidorm s-2000"]
[Site "Benidorm ESP"]
[Date "2016.12.05"]
[Round "4.2"]
[White "Cebrian Flores, Juan Antonio"]
[Black "Fulger, Ionut-Alexandru"]
[Result "1-0"]
[WhiteElo "1993"]
[BlackElo "1883"]
[PlyCount "179"]
[EventDate "2016.12.02"]
[EventType "swiss"]
[EventRounds "10"]
[EventCountry "ESP"]
[SourceTitle "Ajedrez en Madrid"]
[Source "lmi"]
[SourceDate "2016.12.02"]

1. e4 c6 2. d4 d5 3. Nc3 dxe4 4. Nxe4 Bf5 5. Ng3 Bg6 6. h4 h6 7. Nf3 Nd7 8. h5
Bh7 9. Bd3 Bxd3 10. Qxd3 Ngf6 11. Bd2 e6 12. O-O-O c5 13. Rhe1 Be7 14. d5 Nxd5
15. Nf5 O-O 16. Nxe7+ Nxe7 17. Bxh6 gxh6 18. Qxd7 Nd5 19. Qxd8 Raxd8 20. Ne5
Nf6 21. g4 Kg7 22. f3 Nd5 23. Rd2 Kf6 24. a4 Nb6 25. a5 Rxd2 26. Kxd2 Rd8+ 27.
Kc1 Nd5 28. Re4 Nb4 29. Re3 Na2+ 30. Kb1 Nb4 31. Re1 Rd2 32. f4 b6 33. axb6
axb6 34. g5+ hxg5 35. fxg5+ Kf5 36. Nxf7 Rf2 37. Rg1 Nd5 38. g6 Ne7 39. Nd6+
Ke5 40. Nc4+ Kf6 41. Nxb6 Rh2 42. Nd7+ Kf5 43. Rf1+ Kg5 44. g7 Kh6 45. Rf7 Ng8
46. Nxc5 Rxh5 47. Nxe6 Rh1+ 48. Ka2 Kg6 49. Rf8 Kh7 50. b4 Re1 51. Nc5 Kxg7 52.
Rf2 Nf6 53. Kb3 Nd5 54. c3 Nb6 55. b5 Re5 56. Kb4 Nd5+ 57. Kc4 Nb6+ 58. Kb4
Nd5+ 59. Kb3 Nb6 60. Nd3 Rxb5+ 61. Nb4 Re5 62. Ra2 Kf7 63. Ra6 Nd7 64. Ra7 Ke6
65. Ra6+ Kf7 66. Rd6 Ke7 67. Rd1 Ke6 68. Nc6 Rb5+ 69. Kc2 Rc5 70. Nb4 Ne5 71.
Re1 Kd6 72. Nd3 Nxd3 73. Kxd3 Rh5 74. Re4 Rh3+ 75. Kc4 Kc6 76. Re6+ Kd7 77. Rg6
Kc7 78. Kb4 Rh1 79. c4 Rb1+ 80. Kc5 Rc1 81. Rg7+ Kc8 82. Kb5 Rh1 83. c5 Rh6 84.
Ra7 Kb8 85. Rd7 Kc8 86. Rg7 Rh5 87. Kb6 Rh1 88. Rg8+ Kd7 89. c6+ Ke7 90. c7 1-0

[Event "15. Torneo Aficionados Benidorm s-2000"]
[Site "Benidorm ESP"]
[Date "2016.12.05"]
[Round "4.3"]
[White "Manas Garcia-Mascaraque, Ramon"]
[Black "Raghav, Srivathsav V"]
[Result "1/2-1/2"]
[WhiteElo "1913"]
[BlackElo "1993"]
[PlyCount "94"]
[EventDate "2016.12.02"]
[EventType "swiss"]
[EventRounds "10"]
[EventCountry "ESP"]
[SourceTitle "Ajedrez en Madrid"]
[Source "lmi"]
[SourceDate "2016.12.02"]

1. e4 d6 2. d4 Nf6 3. Nc3 e5 4. Nf3 Nbd7 5. Bc4 Be7 6. h3 c6 7. a4 a5 8. O-O
O-O 9. Re1 exd4 10. Qxd4 Nc5 11. Be3 Re8 12. Rad1 Ne6 13. Qd2 Qc7 14. Ng5 Bf8
15. Bf4 Nxg5 16. Bxg5 Nd7 17. Be3 Ne5 18. Bb3 Be6 19. Bxe6 fxe6 20. Qe2 Nf7 21.
Bf4 Qb6 22. b3 Qc7 23. Qc4 Qe7 24. Re3 Rac8 25. Qd3 Qd8 26. Bg3 d5 27. exd5
exd5 28. Ne2 Bc5 29. Rxe8+ Qxe8 30. Nd4 Qd7 31. Re1 Re8 32. Rxe8+ Qxe8 33. Qe2
Qxe2 34. Nxe2 Bd6 35. Kf1 Kf8 36. f3 Bxg3 37. Nxg3 g6 38. Ke2 Ke7 39. Ke3 Kd6
40. Ne2 Ke5 41. f4+ Kd6 42. g4 Nd8 43. Nd4 Kc5 44. c3 b5 45. Kd3 bxa4 46. bxa4
Kd6 47. Nb3 Nb7 1/2-1/2

[Event "15. Torneo Aficionados Benidorm s-2000"]
[Site "Benidorm ESP"]
[Date "2016.12.05"]
[Round "4.4"]
[White "Lloret Mauri, Jaime"]
[Black "Moya Albaladejo, Jose Antonio"]
[Result "0-1"]
[WhiteElo "1977"]
[BlackElo "1854"]
[PlyCount "112"]
[EventDate "2016.12.02"]
[EventType "swiss"]
[EventRounds "10"]
[EventCountry "ESP"]
[SourceTitle "Ajedrez en Madrid"]
[Source "lmi"]
[SourceDate "2016.12.02"]

1. e4 e5 2. Nf3 Nc6 3. Bc4 Bc5 4. c3 Nf6 5. d3 a6 6. a4 Ba7 7. O-O O-O 8. Re1
d6 9. d4 exd4 10. Nxd4 h6 11. Nxc6 bxc6 12. Be3 Bxe3 13. Rxe3 Re8 14. Nd2 d5
15. Bd3 c5 16. exd5 Rxe3 17. fxe3 Qxd5 18. Qf3 Rb8 19. e4 Qg5 20. Nc4 Be6 21.
Qe2 Nh5 22. Rb1 Nf4 23. Qf3 Nxd3 24. Qxd3 Rd8 25. Qe2 Bxc4 26. Qxc4 Rd2 27. Qf1
Qe3+ 28. Kh1 Qxe4 29. Re1 Qxa4 30. Qf5 Qd7 31. Qxc5 Rxb2 32. h3 Rb5 33. Qa7 Qc6
34. Qd4 Rg5 35. Qd8+ Kh7 36. Qd3+ g6 37. Qd2 Rg3 38. Re3 Rxe3 39. Qxe3 Qc4 40.
Qe5 c5 41. Qc7 h5 42. Qa5 Kg7 43. Kg1 Qb5 44. Qa1 c4 45. Kf2 a5 46. Ke3 a4 47.
Kd4 Qc6 48. Qa2 Qd6+ 49. Ke4 f6 50. Qxc4 a3 51. Qb3 Qa6 52. Qa2 Qb7+ 53. Kd4
Qb2 54. Qe6 Qd2+ 55. Kc5 Qxc3+ 56. Kd6 Qe5+ 0-1

[Event "15. Torneo Aficionados Benidorm s-2000"]
[Site "Benidorm ESP"]
[Date "2016.12.05"]
[Round "4.5"]
[White "Riera Morilla, Elizabeth"]
[Black "Zhou, Lulu"]
[Result "0-1"]
[WhiteElo "1976"]
[BlackElo "1849"]
[PlyCount "106"]
[EventDate "2016.12.02"]
[EventType "swiss"]
[EventRounds "10"]
[EventCountry "ESP"]
[SourceTitle "Ajedrez en Madrid"]
[Source "lmi"]
[SourceDate "2016.12.02"]

1. e4 e5 2. Bc4 Bc5 3. Nc3 Nf6 4. d3 Nc6 5. Bg5 h6 6. Bh4 g5 7. Bg3 a6 8. h4
Rg8 9. hxg5 hxg5 10. Nd5 d6 11. c3 Nxd5 12. Bxd5 Qf6 13. Rh7 Be6 14. b4 Ba7 15.
Bxe6 Qxe6 16. Qh5 Ne7 17. Nf3 Qg6 18. Nxg5 Qxh5 19. Rxh5 f5 20. exf5 Nxf5 21.
Ne4 Nxg3 22. Nxg3 Kd7 23. Rf5 Ke6 24. Rf3 Bb6 25. Ke2 a5 26. b5 a4 27. Rh1 Rg6
28. Rh7 Rag8 29. Rff7 Bxf2 30. Re7+ Kd5 31. c4+ Kd4 32. Nf5+ Kc3 33. Kxf2 Rxg2+
34. Ke3 Rxa2 35. Reg7 Rf8 36. Ng3 Ra1 37. Ne4+ Kb4 38. Rh2 a3 39. Rgg2 c6 40.
Ra2 Rxa2 41. Rxa2 d5 42. Nd2 dxc4 43. Nxc4 cxb5 44. Nxe5 Kb3 45. Rd2 Rf1 46.
Nd7 a2 47. Nc5+ Ka3 48. Rxa2+ Kxa2 49. Nxb7 b4 50. Nc5 b3 51. Ne4 b2 52. Nc3+
Kb3 53. Ne4 Kc2 0-1

[Event "15. Torneo Aficionados Benidorm s-2000"]
[Site "Benidorm ESP"]
[Date "2016.12.05"]
[Round "4.6"]
[White "Gonzalez Pabollet, Jesus Maria S"]
[Black "Gonzalvez Tamarit, Ruben"]
[Result "1/2-1/2"]
[WhiteElo "1912"]
[BlackElo "1971"]
[PlyCount "107"]
[EventDate "2016.12.02"]
[EventType "swiss"]
[EventRounds "10"]
[EventCountry "ESP"]
[SourceTitle "Ajedrez en Madrid"]
[Source "lmi"]
[SourceDate "2016.12.02"]

1. b3 e5 2. Bb2 Nc6 3. e3 a6 4. Nf3 d6 5. Be2 Nf6 6. d4 exd4 7. exd4 Ne7 8. c4
Ng6 9. O-O Be7 10. Re1 O-O 11. Nc3 Nf4 12. d5 Bg4 13. Bf1 Qd7 14. h3 Bh5 15.
Ne4 Nxe4 16. Rxe4 Bg5 17. g4 f5 18. Rxf4 Bxf4 19. gxh5 Rae8 20. h6 Bxh6 21. Nd4
Rf6 22. Ne6 Rg6+ 23. Bg2 Qe7 24. Qf3 Qf7 25. Bc3 Bg5 26. Kh1 Bf6 27. Rg1 Be5
28. Re1 Bf6 29. Re3 Bg5 30. Re1 Bf6 31. Qd3 Bh4 32. Re2 Bf6 33. Bf3 Rh6 34. Bg2
Rg6 35. Re3 Bg5 36. Rf3 f4 37. Qd4 Bf6 38. Qe4 Bxc3 39. Rxc3 Rf6 40. Rf3 h6 41.
Qd4 g5 42. Bf1 Rf5 43. Rd3 Re5 44. Bg2 c5 45. Qc3 b6 46. Bf3 Qf5 47. Bg4 Qe4+
48. Bf3 Qf5 49. Bg4 Qe4+ 50. Kh2 Re7 51. Qd2 Rh7 52. Bf3 Re7 53. Qc3 R5xe6 54.
b4 1/2-1/2

[Event "15. Torneo Aficionados Benidorm s-2000"]
[Site "Benidorm ESP"]
[Date "2016.12.05"]
[Round "4.7"]
[White "Perez Beltran, Salvador"]
[Black "Campos Busquiel, Alejandro"]
[Result "1-0"]
[WhiteElo "1969"]
[BlackElo "1841"]
[PlyCount "59"]
[EventDate "2016.12.02"]
[EventType "swiss"]
[EventRounds "10"]
[EventCountry "ESP"]
[SourceTitle "Ajedrez en Madrid"]
[Source "lmi"]
[SourceDate "2016.12.02"]

1. d4 Nf6 2. Nf3 e6 3. c4 Bb4+ 4. Bd2 Bxd2+ 5. Nbxd2 d5 6. e3 O-O 7. Bd3 b6 8.
O-O Bb7 9. Ne5 dxc4 10. Bxc4 Nbd7 11. f4 c5 12. f5 Bd5 13. Qe2 Rc8 14. Ba6 Rc7
15. e4 Ba8 16. Bc4 Nxe5 17. dxe5 Qd4+ 18. Kh1 Qxe5 19. fxe6 fxe6 20. Rf5 Qxb2
21. Bxe6+ Kh8 22. Rb1 Qd4 23. e5 Nd7 24. Bxd7 Rd8 25. e6 Rg8 26. Rbf1 Bd5 27.
Rf8 Bc6 28. Rxg8+ Kxg8 29. Rf8+ Kxf8 30. e7+ 1-0

[Event "15. Torneo Aficionados Benidorm s-2000"]
[Site "Benidorm ESP"]
[Date "2016.12.05"]
[Round "4.8"]
[White "Baeza Garcia, Agustin"]
[Black "Alnami Salaheddin"]
[Result "1-0"]
[WhiteElo "1905"]
[BlackElo "1954"]
[PlyCount "83"]
[EventDate "2016.12.02"]
[EventType "swiss"]
[EventRounds "10"]
[EventCountry "ESP"]
[SourceTitle "Ajedrez en Madrid"]
[Source "lmi"]
[SourceDate "2016.12.02"]

1. d4 Nf6 2. c4 e6 3. Nc3 Bb4 4. Qc2 c5 5. dxc5 O-O 6. Bd2 Nc6 7. e3 Bxc5 8.
Nf3 b6 9. a3 Bb7 10. Bd3 h6 11. Ne4 Be7 12. Bc3 d5 13. Nxf6+ Bxf6 14. Bxf6 Qxf6
15. cxd5 exd5 16. O-O Rac8 17. Qd2 Rfd8 18. Rfd1 Rc7 19. Rac1 Rcd7 20. Bb5 d4
21. Bxc6 dxe3 22. Qxd7 exf2+ 23. Kxf2 Rxd7 24. Bxd7 Qxb2+ 25. Kg3 Qxa3 26. Bc6
Bxc6 27. Rxc6 g5 28. Rdd6 h5 29. h3 Qe3 30. Rf6 Kg7 31. Rf5 f6 32. Rcxf6 a5 33.
Kh2 g4 34. Rf7+ Kg8 35. Rf8+ Kg7 36. R5f7+ Kh6 37. Nh4 Qe5+ 38. g3 Qe2+ 39. Rf2
Qe5 40. R2f6+ Kh7 41. R6f7+ Kh6 42. Nf5+ 1-0

[Event "15. Torneo Aficionados Benidorm s-2000"]
[Site "Benidorm ESP"]
[Date "2016.12.06"]
[Round "5.1"]
[White "Rionda Medio, Angel Arturo"]
[Black "Bendriss, Hatim"]
[Result "0-1"]
[WhiteElo "1903"]
[BlackElo "1997"]
[PlyCount "64"]
[EventDate "2016.12.02"]
[EventType "swiss"]
[EventRounds "10"]
[EventCountry "ESP"]
[SourceTitle "Ajedrez en Madrid"]
[Source "lmi"]
[SourceDate "2016.12.02"]

1. d4 Nf6 2. Nf3 d5 3. c4 c6 4. e3 e6 5. Nc3 Nbd7 6. Qc2 Be7 7. b3 O-O 8. Be2
Re8 9. O-O b6 10. Bb2 Bb7 11. a4 a5 12. cxd5 exd5 13. Bd3 Bb4 14. Ba3 Bxa3 15.
Rxa3 Qe7 16. Raa1 Ne4 17. Rfe1 Rac8 18. Nd2 c5 19. Ndxe4 dxe4 20. Bb5 cxd4 21.
exd4 Rc7 22. Re3 f5 23. Bc4+ Kh8 24. Nb5 Rc6 25. Rh3 Rg6 26. Rg3 Rh6 27. Re1 g5
28. d5 Ne5 29. Qc3 Qf6 30. Rge3 g4 31. Nc7 Rc8 32. Bf1 f4 0-1

[Event "15. Torneo Aficionados Benidorm s-2000"]
[Site "Benidorm ESP"]
[Date "2016.12.06"]
[Round "5.2"]
[White "Cano Sevila, Ivan"]
[Black "Cebrian Flores, Juan Antonio"]
[Result "0-1"]
[WhiteElo "1892"]
[BlackElo "1993"]
[PlyCount "82"]
[EventDate "2016.12.02"]
[EventType "swiss"]
[EventRounds "10"]
[EventCountry "ESP"]
[SourceTitle "Ajedrez en Madrid"]
[Source "lmi"]
[SourceDate "2016.12.02"]

1. d4 d6 2. Nf3 g6 3. Bf4 Bg7 4. e3 Nf6 5. h3 O-O 6. Be2 Nc6 7. O-O Nd7 8. c3
e5 9. Bg5 f6 10. Bh4 g5 11. Bg3 f5 12. h4 h6 13. Bc4+ Kh7 14. hxg5 hxg5 15. Kh2
Kg6 16. Rh1 e4 17. Nfd2 Rh8+ 18. Kg1 Nf6 19. Rxh8 Qxh8 20. Na3 a6 21. Qb3 Nd8
22. d5 Qh6 23. Nc2 b5 24. Be2 Nb7 25. Nd4 Nc5 26. Qc2 Bb7 27. Bh2 Rh8 28. Nf1
Nxd5 29. b4 Na4 30. Nxf5 Kxf5 31. Bg4+ Kf6 32. Qxe4 Kf7 33. Qf5+ Qf6 34. Qd7+
Qe7 35. Qf5+ Nf6 36. Ng3 Bc8 37. Qxc8 Rxc8 38. Bxc8 Ne4 39. Nf5 Qf6 40. f3
Nexc3 41. Re1 Nb6 0-1

[Event "15. Torneo Aficionados Benidorm s-2000"]
[Site "Benidorm ESP"]
[Date "2016.12.06"]
[Round "5.3"]
[White "Petit Montes, Marc"]
[Black "Perez Beltran, Salvador"]
[Result "0-1"]
[WhiteElo "1882"]
[BlackElo "1969"]
[PlyCount "92"]
[EventDate "2016.12.02"]
[EventType "swiss"]
[EventRounds "10"]
[EventCountry "ESP"]
[SourceTitle "Ajedrez en Madrid"]
[Source "lmi"]
[SourceDate "2016.12.02"]

1. b3 Nf6 2. Bb2 d5 3. e3 g6 4. Bxf6 exf6 5. d4 Bg7 6. g3 O-O 7. Bg2 Re8 8. Ne2
f5 9. O-O c6 10. c4 Be6 11. Nd2 Nd7 12. Rc1 Nf6 13. Nf4 Ne4 14. Nf3 Qa5 15. Nd3
dxc4 16. bxc4 Qxa2 17. Rc2 Qb3 18. Qc1 Qxd3 19. Ne5 Qb3 20. f3 Bxe5 21. fxe4
Bg7 22. Rc3 Qb6 23. Qc2 fxe4 24. Bxe4 f5 25. Bg2 Rad8 26. Rb1 Qc7 27. Qb2 b6
28. Ra1 c5 29. Rca3 a5 30. Rd1 cxd4 31. exd4 Qxc4 32. Kh1 Bxd4 33. Qb1 Bd5 34.
Rad3 Bxg2+ 35. Kxg2 Qc6+ 36. Kh3 Bf6 37. Qb3+ Kg7 38. R1d2 g5 39. g4 fxg4+ 40.
Kg3 Be5+ 41. Kf2 Rf8+ 42. Kg1 Qc1+ 43. Rd1 Qc5+ 44. Kh1 Qc6+ 45. Kg1 Bxh2+ 46.
Kxh2 Rf2+ 0-1

[Event "15. Torneo Aficionados Benidorm s-2000"]
[Site "Benidorm ESP"]
[Date "2016.12.06"]
[Round "5.4"]
[White "Moya Albaladejo, Jose Antonio"]
[Black "Amellal, Sofiane Anis"]
[Result "1-0"]
[WhiteElo "1854"]
[BlackElo "1926"]
[PlyCount "104"]
[EventDate "2016.12.02"]
[EventType "swiss"]
[EventRounds "10"]
[EventCountry "ESP"]
[SourceTitle "Ajedrez en Madrid"]
[Source "lmi"]
[SourceDate "2016.12.02"]

1. e4 Nf6 2. e5 Nd5 3. d4 d6 4. Nf3 dxe5 5. Nxe5 c6 6. Bd3 Nd7 7. Nxd7 Bxd7 8.
O-O g6 9. c3 Bg7 10. Re1 O-O 11. Nd2 Nf4 12. Be4 Bf5 13. Bxf5 gxf5 14. Qf3 Qc7
15. Nc4 Ng6 16. Qxf5 Rad8 17. Qg4 f5 18. Qg5 b5 19. Ne5 Bxe5 20. dxe5 Qxe5 21.
Be3 Rd7 22. Bxa7 Qd6 23. Be3 f4 24. Bd4 e6 25. Bc5 Qd5 26. Qxd5 cxd5 27. Bxf8
Nxf8 28. Rad1 Kf7 29. Rd4 Ng6 30. Rb4 Ra7 31. a3 Ra5 32. h4 h5 33. g3 Kf6 34.
Kg2 Kf5 35. Kh3 e5 36. Rd1 Ne7 37. gxf4 e4 38. Kg3 Ra6 39. Rxb5 Rg6+ 40. Kh3
Kxf4 41. Rb7 Re6 42. Rb8 Kf3 43. Rf8+ Ke2 44. Rg1 Rb6 45. Rg7 Ng6 46. Rf5 Rb3
47. Rxg6 d4 48. Kg3 d3 49. Rd6 Rxb2 50. Re5 d2 51. Rxe4+ Kd1 52. Red4 Rb6 1-0

[Event "15. Torneo Aficionados Benidorm s-2000"]
[Site "Benidorm ESP"]
[Date "2016.12.06"]
[Round "5.5"]
[White "Rincon Carrillo, Ricardo"]
[Black "Altun, Arda"]
[Result "1/2-1/2"]
[WhiteElo "1918"]
[BlackElo "1800"]
[PlyCount "81"]
[EventDate "2016.12.02"]
[EventType "swiss"]
[EventRounds "10"]
[EventCountry "ESP"]
[SourceTitle "Ajedrez en Madrid"]
[Source "lmi"]
[SourceDate "2016.12.02"]

1. e4 c5 2. Nf3 Nc6 3. d4 cxd4 4. Nxd4 g6 5. Nc3 Bg7 6. Be3 Nf6 7. Bc4 O-O 8.
Bb3 a5 9. f3 d5 10. Nxd5 a4 11. Bc4 Nxd5 12. exd5 Nb4 13. Qd2 Nxd5 14. Bf2 Nb6
15. Be2 e5 16. Nb5 Qxd2+ 17. Kxd2 Rd8+ 18. Ke1 Nd5 19. Rd1 Be6 20. g3 Rac8 21.
c3 f5 22. h4 h5 23. Kf1 Bh6 24. Kg2 Ne3+ 25. Bxe3 Bxe3 26. Nd6 Rc7 27. Nb5 Rcd7
28. Rxd7 Rxd7 29. Rd1 Rxd1 30. Bxd1 Bxa2 31. Bxa4 Bd5 32. Nc7 Bc4 33. b3 Bd3
34. Bb5 Bxb5 35. Nxb5 Kf8 36. Kf1 Ke7 37. Ke2 Bb6 38. c4 Bc5 39. Nc7 Kd6 40.
Nb5+ Kc6 41. Nc3 1/2-1/2

[Event "15. Torneo Aficionados Benidorm s-2000"]
[Site "Benidorm ESP"]
[Date "2016.12.06"]
[Round "5.6"]
[White "Fernandez Lopez, Alejandro I"]
[Black "Lozano Osorio, Isaac"]
[Result "1-0"]
[WhiteElo "1934"]
[BlackElo "1999"]
[PlyCount "131"]
[EventDate "2016.12.02"]
[EventType "swiss"]
[EventRounds "10"]
[EventCountry "ESP"]
[SourceTitle "Ajedrez en Madrid"]
[Source "lmi"]
[SourceDate "2016.12.02"]

1. e4 c6 2. Nc3 d5 3. Nf3 dxe4 4. Nxe4 Nf6 5. Qe2 Nxe4 6. Qxe4 Qd5 7. Qf4 Qf5
8. Qe3 Qe6 9. Be2 Qxe3 10. fxe3 g6 11. d4 Bf5 12. c4 Nd7 13. O-O Bg7 14. h3 Nf6
15. g4 Be6 16. Ng5 Bd7 17. Kg2 h6 18. Nf3 Ne4 19. Nd2 Nxd2 20. Bxd2 O-O 21.
Rab1 f5 22. b4 e5 23. d5 Rac8 24. Rfc1 cxd5 25. cxd5 Rxc1 26. Rxc1 Rc8 27.
Rxc8+ Bxc8 28. gxf5 Bxf5 29. Kg3 Kf7 30. b5 Bf8 31. Bg4 Kf6 32. Bc3 h5 33. Bxf5
Kxf5 34. Kf3 e4+ 35. Kf2 g5 36. Bd4 a6 37. bxa6 bxa6 38. Kg2 Bd6 39. Kf2 h4 40.
Kg2 Bg3 41. Bc3 Be5 42. Ba5 Bf6 43. Bc7 Bc3 44. Kf2 Be5 45. Bd8 Bd6 46. Kg2 Kg6
47. Kf2 Be5 48. Kg2 Bf6 49. Bc7 Kf7 50. Bd6 Ke8 51. Kf2 Kd7 52. Bb8 Bd8 53. Be5
Kc8 54. Ke2 Kb7 55. Kd2 Kb6 56. Bd6 Bc7 57. Be7 g4 58. d6 gxh3 59. dxc7 h2 60.
c8=Q h1=Q 61. Qc5+ Kb7 62. Qd5+ Kc8 63. Qc6+ Kb8 64. Bd6+ Ka7 65. Qc7+ Ka8 66.
Qb8# 1-0

[Event "15. Torneo Aficionados Benidorm s-2000"]
[Site "Benidorm ESP"]
[Date "2016.12.06"]
[Round "5.7"]
[White "Raghav, Srivathsav V"]
[Black "Picazo Picazo, Pedro Jesus"]
[Result "0-1"]
[WhiteElo "1993"]
[BlackElo "1952"]
[PlyCount "86"]
[EventDate "2016.12.02"]
[EventType "swiss"]
[EventRounds "10"]
[EventCountry "ESP"]
[SourceTitle "Ajedrez en Madrid"]
[Source "lmi"]
[SourceDate "2016.12.02"]

1. d4 Nf6 2. Nf3 e6 3. Bf4 c5 4. e3 Qb6 5. Qc1 Nc6 6. c3 Nh5 7. Bg3 Nxg3 8.
hxg3 d5 9. Nbd2 g6 10. Bd3 Bg7 11. Rb1 Bd7 12. a3 Rc8 13. Qd1 O-O 14. Kf1 e5
15. Nxe5 Nxe5 16. dxe5 Bxe5 17. c4 d4 18. e4 f5 19. f4 Qa6 20. Kg1 fxe4 21.
Bxe4 Bg7 22. Bd5+ Be6 23. Qf3 Rcd8 24. Bxb7 Qa5 25. Ne4 d3 26. Ng5 Bd4+ 27. Kh2
Bxc4 28. b3 Ba6 29. Bd5+ Kh8 30. Nf7+ Rxf7 31. Bxf7 Qc7 32. Bc4 Bb7 33. Qxd3
Qc6 34. Qc2 g5 35. fxg5 Rd6 36. g4 Rh6+ 37. gxh6 Qxh6+ 38. Kg3 Qe3+ 39. Kh4
Bf6+ 40. g5 Qf4+ 41. g4 Qxg5+ 42. Kg3 Qe3+ 43. Kh2 Be5# 0-1

[Event "15. Torneo Aficionados Benidorm s-2000"]
[Site "Benidorm ESP"]
[Date "2016.12.06"]
[Round "5.8"]
[White "Bote Kobolo, Benjamin"]
[Black "Nogues Fernandez, Ramon"]
[Result "1-0"]
[WhiteElo "1986"]
[BlackElo "1925"]
[PlyCount "107"]
[EventDate "2016.12.02"]
[EventType "swiss"]
[EventRounds "10"]
[EventCountry "ESP"]
[SourceTitle "Ajedrez en Madrid"]
[Source "lmi"]
[SourceDate "2016.12.02"]

1. e4 c5 2. Nf3 g6 3. Bc4 Nc6 4. a4 Bg7 5. Ng5 e6 6. d3 h6 7. Nf3 Nge7 8. O-O
O-O 9. Nc3 d5 10. Ba2 b6 11. Bf4 a6 12. Re1 Bb7 13. h3 g5 14. Bg3 d4 15. Nb1 e5
16. Nbd2 Ng6 17. Nf1 Nf4 18. Bh2 Qf6 19. Ng3 Ne7 20. Nd2 Rae8 21. Nc4 Qg6 22.
a5 b5 23. Nb6 Rd8 24. Kh1 h5 25. Ne2 Kh7 26. f3 Bh6 27. Bg3 f5 28. Nxf4 exf4
29. Bh2 fxe4 30. dxe4 Bg7 31. Qd2 Be5 32. Rad1 Bc7 33. c3 Bxb6 34. axb6 Qxb6
35. cxd4 Rxd4 36. Qc2 Rfd8 37. Bg1 Rxd1 38. Rxd1 Rxd1 39. Qxd1 Qc7 40. Qb3 c4
41. Qc3 Qd6 42. Bb1 Qe6 43. Qd4 Nc6 44. Qb6 Qe7 45. e5+ Kg7 46. Be4 Nd8 47.
Qg6+ Kf8 48. Qb6 Kg8 49. Bc5 Qd7 50. Qg6+ Kh8 51. Qxh5+ Kg8 52. Qxg5+ Kh8 53.
Qh6+ Kg8 54. Qf8# 1-0

[Event "15. Torneo Aficionados Benidorm s-2000"]
[Site "Benidorm ESP"]
[Date "2016.12.06"]
[Round "6.1"]
[White "Bendriss, Hatim"]
[Black "Moya Albaladejo, Jose Antonio"]
[Result "1-0"]
[WhiteElo "1997"]
[BlackElo "1854"]
[PlyCount "58"]
[EventDate "2016.12.02"]
[EventType "swiss"]
[EventRounds "10"]
[EventCountry "ESP"]
[SourceTitle "Ajedrez en Madrid"]
[Source "lmi"]
[SourceDate "2016.12.02"]

1. e4 e5 2. Nf3 Nc6 3. Bb5 a6 4. Ba4 Nf6 5. O-O Be7 6. Re1 b5 7. Bb3 O-O 8. h3
Bb7 9. c3 d5 10. exd5 Nxd5 11. d3 Bf6 12. Bc2 Qd7 13. Nbd2 g6 14. Ne4 Be7 15.
Bh6 Rfe8 16. Nfg5 f6 17. Nf3 Rad8 18. a3 Kh8 19. d4 exd4 20. cxd4 Nb6 21. Bb3
Nc4 22. Bxc4 bxc4 23. d5 Qxd5 24. Qxd5 Rxd5 25. Nxf6 Red8 26. Nxd5 Rxd5 27. Re4
Kg8 28. Rae1 Bf6 29. Ra1 Nb8 1-0

[Event "15. Torneo Aficionados Benidorm s-2000"]
[Site "Benidorm ESP"]
[Date "2016.12.06"]
[Round "6.2"]
[White "Perez Beltran, Salvador"]
[Black "Cebrian Flores, Juan Antonio"]
[Result "1-0"]
[WhiteElo "1969"]
[BlackElo "1993"]
[PlyCount "98"]
[EventDate "2016.12.02"]
[EventType "swiss"]
[EventRounds "10"]
[EventCountry "ESP"]
[SourceTitle "Ajedrez en Madrid"]
[Source "lmi"]
[SourceDate "2016.12.02"]

1. d4 Nf6 2. Nf3 d6 3. c4 g6 4. Nc3 Bg7 5. e4 O-O 6. Be2 e5 7. Be3 Ng4 8. Bg5
f6 9. Bh4 g5 10. Bg3 Nh6 11. c5 g4 12. Nh4 Nc6 13. cxd6 cxd6 14. dxe5 fxe5 15.
Bc4+ Kh8 16. Qd2 Nd4 17. O-O Be6 18. Bxe6 Nxe6 19. Qd5 Qe7 20. Nb5 Rfd8 21. Nf5
Nxf5 22. exf5 Nc5 23. Rac1 Na6 24. Rfd1 Bf8 25. Nxd6 Rxd6 26. Bxe5+ Rf6 27. Qb5
Rd8 28. Rxd8 Qxd8 29. Qxb7 Nc5 30. Qc6 Nd7 31. Bc3 Qe7 32. Rd1 Ne5 33. Qd5 Rxf5
34. Bd4 Bg7 35. Qe4 Nf3+ 36. gxf3 Qxe4 37. fxe4 Rf7 38. Bxg7+ Kxg7 39. Rd6 Re7
40. Ra6 h5 41. b4 Rxe4 42. Rxa7+ Kf6 43. b5 Kg5 44. b6 Rb4 45. b7 h4 46. Kf1
Rb2 47. a3 Kf5 48. Ke1 Ke5 49. Kd1 Kd5 1-0

[Event "15. Torneo Aficionados Benidorm s-2000"]
[Site "Benidorm ESP"]
[Date "2016.12.06"]
[Round "6.3"]
[White "Wlogalski, Olivier"]
[Black "Bote Kobolo, Benjamin"]
[Result "0-1"]
[WhiteElo "1892"]
[BlackElo "1986"]
[PlyCount "52"]
[EventDate "2016.12.02"]
[EventType "swiss"]
[EventRounds "10"]
[EventCountry "ESP"]
[SourceTitle "Ajedrez en Madrid"]
[Source "lmi"]
[SourceDate "2016.12.02"]

1. c4 d6 2. Nc3 Nf6 3. g3 e5 4. Bg2 Nc6 5. d3 Be7 6. Nf3 O-O 7. O-O h6 8. Rb1
Bf5 9. Nd2 Qd7 10. Re1 Rab8 11. b4 Nd4 12. b5 c6 13. Nb3 d5 14. bxc6 bxc6 15.
cxd5 cxd5 16. Bd2 Rfc8 17. e4 dxe4 18. dxe4 Bg4 19. f3 Be6 20. Nd5 Nxd5 21.
exd5 Qxd5 22. f4 Qd7 23. Rxe5 Bf6 24. Ra5 Bg4 25. Qf1 Nxb3 26. Rd5 Nxd2 0-1

[Event "15. Torneo Aficionados Benidorm s-2000"]
[Site "Benidorm ESP"]
[Date "2016.12.06"]
[Round "6.4"]
[White "Zhou, Lulu"]
[Black "Blondel, Jerome"]
[Result "1/2-1/2"]
[WhiteElo "1849"]
[BlackElo "1963"]
[PlyCount "88"]
[EventDate "2016.12.02"]
[EventType "swiss"]
[EventRounds "10"]
[EventCountry "ESP"]
[SourceTitle "Ajedrez en Madrid"]
[Source "lmi"]
[SourceDate "2016.12.02"]

1. e4 e5 2. Nf3 Nc6 3. Bb5 Nf6 4. O-O Nxe4 5. d4 exd4 6. Re1 f5 7. Nxd4 Bc5 8.
Rxe4+ fxe4 9. Qh5+ g6 10. Qxc5 Qe7 11. Qxe7+ Nxe7 12. Nc3 a6 13. Bf1 d5 14. Bg5
c6 15. a4 Nf5 16. Nb3 O-O 17. a5 h6 18. Bd2 Re8 19. Re1 g5 20. Be2 Kg7 21. Bd1
Rb8 22. g4 Nd6 23. Na4 Be6 24. Bc3+ Kf8 25. Bb4 Ke7 26. Nd4 Rbd8 27. f3 Kf7 28.
Bxd6 Rxd6 29. fxe4 dxe4 30. Rxe4 Red8 31. c3 Kf6 32. Nc5 Bc8 33. Re3 Rd5 34. b4
Rxd4 35. cxd4 Rxd4 36. Be2 Bxg4 37. Nxb7 Bxe2 38. Rxe2 Rxb4 39. Rc2 Rb1+ 40.
Kf2 Rxb7 41. Rxc6+ Kg7 42. Rxa6 Rb2+ 43. Kg3 h5 44. Rb6 Ra2 1/2-1/2

[Event "15. Torneo Aficionados Benidorm s-2000"]
[Site "Benidorm ESP"]
[Date "2016.12.06"]
[Round "6.5"]
[White "Picazo Picazo, Pedro Jesus"]
[Black "Baeza Garcia, Agustin"]
[Result "1-0"]
[WhiteElo "1952"]
[BlackElo "1905"]
[PlyCount "137"]
[EventDate "2016.12.02"]
[EventType "swiss"]
[EventRounds "10"]
[EventCountry "ESP"]
[SourceTitle "Ajedrez en Madrid"]
[Source "lmi"]
[SourceDate "2016.12.02"]

1. e4 e6 2. d4 d5 3. Nc3 dxe4 4. Nxe4 Nd7 5. Nf3 Ngf6 6. Nxf6+ Nxf6 7. c3 c5 8.
Be3 cxd4 9. Bxd4 Bd7 10. Ne5 Qc7 11. Nxd7 Nxd7 12. Qa4 e5 13. Be3 Bc5 14. Bb5
Bxe3 15. fxe3 a6 16. O-O-O Rd8 17. Bxd7+ Rxd7 18. Rhf1 f6 19. Qb3 Qc6 20. g4
Rxd1+ 21. Rxd1 Ke7 22. Qb4+ Ke6 23. e4 Rc8 24. Rd5 g6 25. Qb3 Ke7 26. g5 Rc7
27. Qb4+ Kf7 28. Rd6 Qc5 29. Rxf6+ Ke7 30. Qxc5+ Rxc5 31. Kc2 Rc7 32. b4 Rd7
33. Rb6 Rc7 34. a4 Kd7 35. a5 Ke7 36. Kb3 Kd7 37. c4 Ke7 38. b5 axb5 39. Rxb5
Kd6 40. Rb6+ Kc5 41. Kc3 Rf7 42. Rb5+ Kd6 43. Rd5+ Ke6 44. Rb5 Kd6 45. Kb4 Rf1
46. Rb6+ Kc7 47. Kc5 Ra1 48. Re6 Rxa5+ 49. Kb4 Ra2 50. Rxe5 Rxh2 51. Kc5 b6+
52. Kd5 Rd2+ 53. Ke6 Rd4 54. Kf6 Rxc4 55. Kg7 Kd6 56. Re8 Rc5 57. Kh6 Rc7 58.
e5+ Kd5 59. e6 Kd6 60. Rb8 Kxe6 61. Rxb6+ Kf7 62. Kxh7 Rc2 63. Rf6+ Ke8 64.
Kxg6 Rc7 65. Kh6 Rc2 66. g6 Rc7 67. g7 Ke7 68. Rf8 Rc3 69. g8=Q 1-0